Click the Next Lyric - Queen - Statistics

General Stats
  • This quiz has been taken 88 times
  • The average score is 8 of 10
Answer Stats
Question Answer % Correct
Is this the real life? Is this just fantasy?
100%
We are the champions my friends And we'll keep on fighting till the end
99%
All we hear is radio ga ga Radio goo goo
92%
You got mud on your face, you big disgrace Kicking your can all over the place
90%
I don't believe in Peter Pan Frankenstein or Superman
82%
Tonight I'm gonna have myself a real good time I feel alive
79%
This thing called love I just can't handle it
73%
I was just a skinny lad Never knew no good from bad
71%
She's a Killer Queen Gunpowder gelatine
70%
Steve walks warily down the street With the brim pulled way down low
67%
No matching quizzes found
Score Distribution
Percent of People with Each Score
Percentile by Number Answered
Your Score History
You have not taken this quiz